[Event "VIE-chB (Women)"]
[Site "Ba Dinh"]
[Date "2018.11.30"]
[Round "4"]
[White "Tran, Le Dan Thuy"]
[Black "Le, Kieu Thien Kim"]
[Result "0-1"]
[WhiteElo "2046"]
[BlackElo "2194"]
[PlyCount "92"]
[EventDate "2018.11.28"]
[EventType "swiss"]
[EventRounds "9"]
[EventCountry "VIE"]
[SourceTitle "EXT 2021"]
[Source "ChessBase"]
[SourceDate "2020.10.23"]
[SourceVersion "1"]
[SourceVersionDate "2020.10.23"]
[SourceQuality "1"]

1. d4 Nf6 2. c4 e6 3. Nc3 d5 4. Nf3 Be7 5. e3 0-0 6. Bd3 b6 7. 0-0 dxc4 8. Bxc4 Bb7 9. Qe2 a6 10. a3 Nbd7 11. Rd1 b5 12. Bd3 c5 13. dxc5 Bxc5 14. b4 Ba7 15. Bb2 Qe7 16. Ng5 Rfd8 17. Rac1 Rac8 18. Nce4 Nxe4 19. Bxe4 Bxe4 20. Nxe4 Rxc1 21. Rxc1 f5 22. Ng3 Nb6 23. Nh5 e5 24. Rd1 Nc4 25. Bc3 Bb6 26. a4 Rxd1+ 27. Qxd1 Qd8 28. Qxd8+ Bxd8 29. axb5 axb5 30. f4 g6 31. Ng3 Bb6 32. Bxe5 Nxe3 33. Kf2 Nd5+ 34. Ke2 Nxb4 35. Nf1 Kf7 36. Nd2 Ke6 37. Nf3 Kd5 38. Ng5 h6 39. Nf7 Nc6 40. Bb2 b4 41. Nxh6 Bd4 42. Bxd4 Kxd4 43. Kd2 b3 44. Nf7 Nb4 45. Kc1 Kc3 46. Ne5 Nc2 0-1

[Event "VIE-ch (Women)"]
[Site "Ho Chi Minh City"]
[Date "2018.05.03"]
[Round "9"]
[White "Nguyen, Thien Ngan"]
[Black "Le, Kieu Thien Kim"]
[Result "1/2-1/2"]
[WhiteElo "1670"]
[BlackElo "2218"]
[PlyCount "146"]
[EventDate "2018.04.27"]
[EventType "swiss"]
[EventRounds "9"]
[EventCountry "VIE"]
[SourceTitle "CBM 184 Extra"]
[Source "ChessBase"]
[SourceDate "2018.06.28"]
[SourceVersion "1"]
[SourceVersionDate "2018.06.28"]
[SourceQuality "1"]

1. e4 Nc6 2. d4 d5 3. e5 Bf5 4. Nf3 e6 5. Be3 Nge7 6. Nc3 Nb4 7. Rc1 Bg4 8. a3 Nbc6 9. h3 Bh5 10. Na4 Nf5 11. Bb5 a6 12. Bxc6+ bxc6 13. Qe2 Nh4 14. 0-0 Nxf3+ 15. gxf3 Be7 16. Kh2 0-0 17. Rg1 f6 18. Bf4 f5 19. Rg3 Kf7 20. Rcg1 Rg8 21. Bg5 Bxg5 22. Rxg5 Bg4 23. Qe3 h6 24. R5xg4 fxg4 25. fxg4 Rf8 26. Nc5 Qe7 27. f4 Kg8 28. Rf1 h5 29. Qg3 hxg4 30. hxg4 Rab8 31. b3 Rbe8 32. Kg2 Qf7 33. f5 exf5 34. gxf5 Qh5 35. f6 Rf7 36. Rf4 Qh6 37. Rg4 Qd2+ 38. Kh3 Qh6+ 39. Kg2 Qd2+ 40. Kh3 Qh6+ 41. Kg2 Kf8 42. fxg7+ Rxg7 43. Rxg7 Qxg7 44. a4 a5 45. Kf3 Qxg3+ 46. Kxg3 Kf7 47. Kf3 Rh8 48. Ke3 Kg6 49. Ne6 Rh3+ 50. Kd2 Rh2+ 51. Kc3 Kf5 52. Nc5 Rh3+ 53. Kd2 Kf4 54. e6 Kf5 55. Ke2 Kf6 56. Kd2 Rh2+ 57. Kd3 Kf5 58. c3 Rh3+ 59. Kd2 Kf4 60. b4 axb4 61. cxb4 Kf5 62. a5 Kf6 63. a6 Ke7 64. Kc2 Kd6 65. Kb2 Rh8 66. Kb3 Ke7 67. Ka4 Rb8 68. Ka5 Rb5+ 69. Ka4 Rb8 70. Ka5 Rb5+ 71. Ka4 Rb8 72. Nd7 Ra8 73. Nc5 Rb8 1/2-1/2

[Event "VIE-ch (Women)"]
[Site "Ho Chi Minh City"]
[Date "2018.04.29"]
[Round "5"]
[White "Le, Kieu Thien Kim"]
[Black "Tran, Le Dan Thuy"]
[Result "1/2-1/2"]
[WhiteElo "2218"]
[BlackElo "2064"]
[PlyCount "63"]
[EventDate "2018.04.27"]
[EventType "swiss"]
[EventRounds "9"]
[EventCountry "VIE"]
[SourceTitle "CBM 184 Extra"]
[Source "ChessBase"]
[SourceDate "2018.06.28"]
[SourceVersion "1"]
[SourceVersionDate "2018.06.28"]
[SourceQuality "1"]

1. d4 d5 2. Nf3 Nf6 3. Bf4 c6 4. c4 Bf5 5. Qb3 Qb6 6. c5 Qxb3 7. axb3 Nbd7 8. Nc3 h6 9. b4 g5 10. Bc7 Bg7 11. h3 0-0 12. e3 a6 13. Be2 Rfe8 14. 0-0 Bh7 15. Rfd1 Ne4 16. Nd2 Nxd2 17. Rxd2 Rac8 18. Bg3 e5 19. f3 f5 20. Bf2 Nf8 21. g3 Ne6 22. dxe5 Bxe5 23. f4 Bf6 24. Bf3 Rcd8 25. Ne2 Rd7 26. Kh2 Red8 27. Nd4 Nxd4 28. exd4 Re7 29. Re2 Rde8 30. Rae1 Rxe2 31. Rxe2 Rxe2 32. Bxe2 1/2-1/2

[Event "VIE-ch (Women)"]
[Site "Hanoi"]
[Date "2016.??.??"]
[Round "4"]
[White "Doan, Thi Van Anh"]
[Black "Le, Kieu Thien Kim"]
[Result "1-0"]
[WhiteElo "1974"]
[BlackElo "2215"]
[PlyCount "83"]
[EventDate "2016.11.10"]
[EventType "swiss"]
[EventRounds "9"]
[EventCountry "VIE"]
[SourceTitle "EXT 2018"]
[Source "ChessBase"]
[SourceDate "2017.10.13"]
[SourceVersion "1"]
[SourceVersionDate "2017.10.13"]
[SourceQuality "1"]

1. d4 d5 2. c4 e6 3. Nf3 Be7 4. Qc2 Nf6 5. Bg5 h6 6. Bxf6 Bxf6 7. e3 0-0 8. cxd5 exd5 9. Bd3 Re8 10. 0-0 Nd7 11. Rc1 c6 12. b4 Nf8 13. b5 Bg4 14. Nbd2 Rc8 15. bxc6 bxc6 16. Rab1 Ne6 17. Nb3 Bxf3 18. gxf3 Be7 19. Bf5 Ba3 20. Rd1 Bd6 21. f4 Qh4 22. Bxe6 Rxe6 23. Kh1 Rce8 24. Rg1 Kh8 25. Rg2 Qh5 26. Rbg1 Qf3 27. Nd2 Qh5 28. Rxg7 f5 29. Qxc6 Bxf4 30. Rg8+ Rxg8 31. Rxg8+ Kxg8 32. Qxe6+ Kg7 33. exf4 Qd1+ 34. Kg2 Qxd2 35. Qxd5 Qc2 36. Qe6 a5 37. d5 a4 38. d6 Qc6+ 39. Kg3 Qc1 40. Qxf5 Qg1+ 41. Kf3 Qd1+ 42. Kg2 1-0

[Event "Asian Continental-ch (Women) 14th"]
[Site "Al Ain"]
[Date "2015.08.12"]
[Round "3.3"]
[White "Saduakassova, Dinara"]
[Black "Le, Kieu Thien Kim"]
[Result "1/2-1/2"]
[WhiteElo "2268"]
[BlackElo "2220"]
[PlyCount "82"]
[EventDate "2015.08.12"]
[EventType "swiss (blitz)"]
[EventRounds "9"]
[EventCountry "UAE"]
[SourceTitle "EXT 2024"]
[Source "ChessBase"]
[SourceDate "2023.10.10"]
[SourceVersion "1"]
[SourceVersionDate "2023.10.10"]
[SourceQuality "1"]

1. d4 d5 2. c4 e6 3. Nc3 Be7 4. Nf3 Nf6 5. Bf4 0-0 6. e3 a6 7. cxd5 Nxd5 8. Nxd5 exd5 9. Bd3 c5 10. Qc2 h6 11. dxc5 Qa5+ 12. Ke2 Nc6 13. a3 Qxc5 14. Qxc5 Bxc5 15. Rac1 Be7 16. Ne5 Bf6 17. Nxc6 bxc6 18. b4 Bd7 19. Rc2 a5 20. Bd6 Rfe8 21. Rb1 axb4 22. axb4 Be7 23. Bxe7 Rxe7 24. Rbb2 d4 25. Ra2 Rae8 26. e4 f5 27. f3 fxe4 28. Bxe4 Bf5 29. Kd3 Bxe4+ 30. fxe4 Rxe4 31. Rxc6 Rg4 32. g3 Re3+ 33. Kc4 d3+ 34. Kc3 Rge4 35. Rd6 d2+ 36. Kxd2 Re2+ 37. Kd3 R4e3+ 38. Kd4 Re4+ 39. Kd3 R4e3+ 40. Kd4 Re4+ 41. Kd3 R4e3+ 1/2-1/2

[Event "Asian Continental op (Women) 14th"]
[Site "Al Ain"]
[Date "2015.08.09"]
[Round "8"]
[White "Le, Kieu Thien Kim"]
[Black "Asgarizadeh, Minoo"]
[Result "1-0"]
[WhiteElo "2226"]
[BlackElo "2180"]
[PlyCount "39"]
[EventDate "2015.08.02"]
[EventType "swiss"]
[EventRounds "9"]
[EventCountry "UAE"]
[SourceTitle "CBM 167 Extra"]
[Source "ChessBase"]
[SourceDate "2015.09.14"]
[SourceVersion "1"]
[SourceVersionDate "2015.09.14"]
[SourceQuality "1"]

1. d4 d5 2. Bf4 Nf6 3. e3 c5 4. Be2 Nc6 5. Nf3 Bf5 6. dxc5 Qa5+ 7. Nc3 Ne4 8. 0-0 Nxc3 9. bxc3 Qxc5 10. Rb1 0-0-0 11. Nd4 Bd7 12. Rb5 Qxc3 13. Rxd5 e6 14. Nb5 Qb2 15. Rd6 e5 16. Rxd7 Rxd7 17. Bg4 Nb8 18. Qd5 Qxc2 19. Qxe5 Na6 20. Qe8# 1-0

[Event "VIE-chT Pairs"]
[Site "Ho Chi Minh City"]
[Date "2015.07.20"]
[Round "3.2"]
[White "Le, Kieu Thien Kim"]
[Black "Nguyen, Truong Bao Tran"]
[Result "1-0"]
[WhiteElo "2226"]
[BlackElo "1882"]
[PlyCount "75"]
[EventDate "2015.07.16"]
[EventType "team-tourn"]
[EventRounds "5"]
[EventCountry "VIE"]
[SourceTitle "EXT 2016"]
[Source "ChessBase"]
[SourceDate "2015.10.08"]
[SourceVersion "1"]
[SourceVersionDate "2015.10.08"]
[SourceQuality "1"]
[WhiteTeam "Ho Chi Minh"]
[BlackTeam "Can Tho"]
[WhiteTeamCountry "VIE"]
[BlackTeamCountry "VIE"]

1. d4 d5 2. Bf4 Nf6 3. e3 c5 4. Nf3 Nc6 5. Be2 Bf5 6. c3 Qb6 7. Qc1 h6 8. dxc5 Qxc5 9. 0-0 e6 10. b4 Qb6 11. a4 Rc8 12. a5 Qd8 13. a6 b6 14. Bb5 Nd7 15. Qd1 g5 16. Bg3 Bg7 17. Qa4 Ncb8 18. Nd4 0-0 19. Nxf5 exf5 20. Bd6 Ne5 21. Bxf8 Qxf8 22. Qc2 Nec6 23. Qxf5 Nxb4 24. Ra4 N4c6 25. Bd3 Qd8 26. f4 Rc7 27. Nd2 Kf8 28. Nf3 Qe8 29. fxg5 Qxe3+ 30. Kh1 Ne7 31. Qh7 hxg5 32. Rg4 Bf6 33. Nxg5 Ng8 34. Nxf7 Rxf7 35. Qxg8+ Ke7 36. Qxb8 Qxd3 37. Re1+ Kd7 38. Qxa7+ 1-0

[Event "VIE-ch (Women)"]
[Site "Ho Chi Minh City"]
[Date "2015.04.22"]
[Round "7"]
[White "Le, Kieu Thien Kim"]
[Black "Pham, Bich Ngoc"]
[Result "0-1"]
[WhiteElo "2138"]
[BlackElo "2163"]
[PlyCount "90"]
[EventDate "2015.04.18"]
[EventType "swiss"]
[EventRounds "9"]
[EventCountry "VIE"]
[SourceTitle "CBM 166 Extra"]
[Source "ChessBase"]
[SourceDate "2015.06.18"]
[SourceVersion "1"]
[SourceVersionDate "2015.06.18"]
[SourceQuality "1"]

1. d4 Nf6 2. Nf3 c5 3. c3 e6 4. Bf4 b6 5. e3 Bb7 6. Nbd2 Be7 7. h3 0-0 8. Bd3 d6 9. 0-0 Nc6 10. Qe2 cxd4 11. exd4 Re8 12. Rad1 d5 13. Rfe1 Rc8 14. Bb1 Nd7 15. Bg3 Nf8 16. h4 a6 17. h5 b5 18. a3 Bd6 19. Nf1 f6 20. Nh4 Bxg3 21. Nxg3 f5 22. Nf3 Qf6 23. Ne5 g5 24. hxg6 hxg6 25. f4 Nxe5 26. Qxe5 Qf7 27. Nf1 Nd7 28. Qe3 Nf6 29. Nh2 Rc7 30. Re2 Qf8 31. g4 Rh7 32. Rg2 Ree7 33. Qg3 Reg7 34. g5 Ne4 35. Qe3 Qb8 36. Rf1 Rh4 37. Bxe4 dxe4 38. Rff2 Rgh7 39. Rg3 Bd5 40. Qd2 Kf7 41. Qe3 Qh8 42. Qd2 Rh3 43. Rxh3 Rxh3 44. Qe1 Qh4 45. Re2 Rg3+ 0-1

[Event "VIE-ch (Women)"]
[Site "Ho Chi Minh City"]
[Date "2015.04.20"]
[Round "4"]
[White "Pham, Thi Thu Hien"]
[Black "Le, Kieu Thien Kim"]
[Result "0-1"]
[WhiteElo "2168"]
[BlackElo "2138"]
[PlyCount "116"]
[EventDate "2015.04.18"]
[EventType "swiss"]
[EventRounds "9"]
[EventCountry "VIE"]
[SourceTitle "CBM 166 Extra"]
[Source "ChessBase"]
[SourceDate "2015.06.18"]
[SourceVersion "1"]
[SourceVersionDate "2015.06.18"]
[SourceQuality "1"]

1. e4 Nf6 2. e5 Nd5 3. d4 d6 4. Nf3 Bg4 5. Be2 e6 6. c4 Nb6 7. exd6 cxd6 8. Be3 Be7 9. 0-0 0-0 10. h3 Bh5 11. Nc3 Nc6 12. b3 d5 13. c5 Nc8 14. b4 a6 15. a3 Bxf3 16. Bxf3 Bf6 17. Qd2 N8e7 18. g4 g6 19. Rab1 Bg7 20. Rfd1 f5 21. Ne2 fxg4 22. Bxg4 Nf5 23. Rb3 h5 24. Bxf5 Rxf5 25. Bh6 Qf6 26. Bxg7 Kxg7 27. f4 h4 28. Kh1 Rf8 29. Rg1 Rh5 30. a4 Kh8 31. b5 axb5 32. axb5 Ne7 33. Re3 Nf5 34. Rc3 Rg8 35. Rg5 Rh7 36. Rc1 Ra8 37. Qb2 Ng3+ 38. Nxg3 hxg3 39. Rxg3 Qxf4 40. Rcg1 Qf5 41. Kh2 g5 42. Qe2 Rh4 43. Rf1 Ra2 44. Qxa2 Qxf1 45. Qa8+ Kh7 46. Qa2 Re4 47. Qc2 Kh6 48. Rg2 Qf4+ 49. Kh1 Re3 50. c6 Rxh3+ 51. Kg1 Qxd4+ 52. Kf1 Qf4+ 53. Rf2 Rh1+ 54. Ke2 Qe5+ 55. Kf3 bxc6 56. bxc6 Rh3+ 57. Kg2 Qg3+ 58. Kf1 Rh1+ 0-1

[Event "Ho Chi Minh City HD Bank op 5th"]
[Site "Ho Chi Minh City"]
[Date "2015.03.19"]
[Round "5"]
[White "Wynn, Zaw Htung"]
[Black "Le, Kieu Thien Kim"]
[Result "0-1"]
[WhiteElo "2382"]
[BlackElo "2138"]
[PlyCount "94"]
[EventDate "2015.03.17"]
[EventType "swiss"]
[EventRounds "9"]
[EventCountry "VIE"]
[SourceTitle "CBM 165 Extra"]
[Source "ChessBase"]
[SourceDate "2015.04.21"]
[SourceVersion "1"]
[SourceVersionDate "2015.04.21"]
[SourceQuality "1"]

1. Nf3 d5 2. g3 c6 3. Bg2 Bf5 4. d3 e6 5. Nbd2 Nf6 6. 0-0 h6 7. Qe1 Be7 8. e4 dxe4 9. dxe4 Bh7 10. Qe2 0-0 11. b3 Nbd7 12. Bb2 Nc5 13. Ne5 Qc7 14. Rad1 Rfd8 15. f3 a5 16. a3 Ne8 17. Qe3 Na6 18. Nd3 a4 19. Kh1 Nb8 20. b4 Nd7 21. Nc4 b5 22. Nce5 Nxe5 23. Bxe5 Rxd3 24. cxd3 Qxe5 25. f4 Qc3 26. Qc1 Qxc1 27. Rxc1 Rd8 28. Rfd1 Nf6 29. Bf3 g5 30. Kg1 Rc8 31. Rc3 c5 32. Kf2 g4 33. Bg2 Rd8 34. bxc5 Bxe4 35. Bf1 Bc6 36. Be2 Rd5 37. Rdc1 Rd4 38. R3c2 h5 39. Ke3 Rd8 40. d4 Nd5+ 41. Kf2 Bf6 42. Rd2 Ne7 43. Rb1 Bxd4+ 44. Kf1 Nf5 45. Bxb5 Rb8 46. Bd3 Ne3+ 47. Ke2 Bf3+ 0-1

[Event "Ho Chi Minh City zt 3.3 (Women)"]
[Site "Ho Chi Minh City"]
[Date "2015.03.13"]
[Round "7"]
[White "Le, Kieu Thien Kim"]
[Black "Tran, Le Dan Thuy"]
[Result "1-0"]
[WhiteElo "2138"]
[BlackElo "2076"]
[PlyCount "61"]
[EventDate "2015.03.07"]
[EventType "swiss"]
[EventRounds "9"]
[EventCountry "VIE"]
[SourceTitle "CBM 165 Extra"]
[Source "ChessBase"]
[SourceDate "2015.04.21"]
[SourceVersion "1"]
[SourceVersionDate "2015.04.21"]
[SourceQuality "1"]

1. d4 Nf6 2. Bf4 d6 3. e3 g6 4. Be2 Bg7 5. Nd2 0-0 6. h4 h5 7. Nh3 Nc6 8. c3 e5 9. Bg5 exd4 10. cxd4 Qe8 11. Nf4 Bf5 12. Kf1 Ng4 13. Nd5 Rc8 14. Rc1 Kh8 15. Bf3 a5 16. Qb3 Nb4 17. Nxb4 Qb5+ 18. Qc4 Qxc4+ 19. Nxc4 axb4 20. Bxb7 Rb8 21. Bc6 Bd3+ 22. Ke1 f5 23. f3 Nf6 24. Kd2 Bxc4 25. Rxc4 Rb6 26. Rhc1 Rfb8 27. Ba4 c5 28. dxc5 dxc5 29. Rxc5 Rd6+ 30. Ke2 Kh7 31. Bf4 1-0

[Event "Ho Chi Minh City zt 3.3 (Women)"]
[Site "Ho Chi Minh City"]
[Date "2015.03.12"]
[Round "6"]
[White "Nguyen, Xuan Nhi"]
[Black "Le, Kieu Thien Kim"]
[Result "0-1"]
[WhiteElo "1638"]
[BlackElo "2138"]
[PlyCount "56"]
[EventDate "2015.03.07"]
[EventType "swiss"]
[EventRounds "9"]
[EventCountry "VIE"]
[SourceTitle "CBM 165 Extra"]
[Source "ChessBase"]
[SourceDate "2015.04.21"]
[SourceVersion "1"]
[SourceVersionDate "2015.04.21"]
[SourceQuality "1"]

1. d4 Nf6 2. c4 e5 3. dxe5 Ng4 4. Nf3 Bc5 5. e3 Nc6 6. Nc3 0-0 7. Be2 Ngxe5 8. Nxe5 Nxe5 9. 0-0 a5 10. Ne4 Be7 11. b3 Ra6 12. Bb2 Re6 13. Ng3 Bc5 14. Qc2 d6 15. Rad1 Qg5 16. Bd4 Rh6 17. h3 Bxd4 18. exd4 Ng6 19. Bd3 f5 20. c5 d5 21. Qd2 f4 22. Rfe1 Qh4 23. Nf1 Bxh3 24. gxh3 Qxh3 25. f3 Qh1+ 26. Kf2 Nh4 27. Re2 Qg2+ 28. Ke1 Nxf3# 0-1

[Event "Ho Chi Minh City zt 3.3 (Women)"]
[Site "Ho Chi Minh City"]
[Date "2015.03.08"]
[Round "2"]
[White "Le, Kieu Thien Kim"]
[Black "Ngo, Thi Kim Tuyen"]
[Result "1-0"]
[WhiteElo "2138"]
[BlackElo "2027"]
[PlyCount "115"]
[EventDate "2015.03.07"]
[EventType "swiss"]
[EventRounds "9"]
[EventCountry "VIE"]
[SourceTitle "CBM 165 Extra"]
[Source "ChessBase"]
[SourceDate "2015.04.21"]
[SourceVersion "1"]
[SourceVersionDate "2015.04.21"]
[SourceQuality "1"]

1. d4 d5 2. Bf4 c6 3. e3 Nf6 4. c4 Bf5 5. Nc3 e6 6. Qb3 b6 7. Nf3 Bd6 8. Ne5 0-0 9. Be2 dxc4 10. Qxc4 Nd5 11. Nxd5 exd5 12. Qb3 f6 13. Nxc6 Nxc6 14. Qxd5+ Kh8 15. Qxd6 Qxd6 16. Bxd6 Rfe8 17. Bb5 Nxd4 18. Bxe8 Nc2+ 19. Ke2 Nxa1 20. Ba4 Rd8 21. Be7 Bd3+ 22. Kf3 Rd5 23. h4 b5 24. Rc1 h5 25. Bd1 Re5 26. Bd6 Re6 27. Bf4 Nc2 28. Bxc2 Rc6 29. Bxd3 Rxc1 30. Bxb5 Rc2 31. b4 Rxa2 32. Bc7 Rb2 33. Ba5 Kh7 34. Bd3+ Kh6 35. b5 g5 36. e4 gxh4 37. Bc7 Rb3 38. Ke3 Kg7 39. Bf4 Rb4 40. Bd6 Ra4 41. Bc5 Kf7 42. Be2 Kg6 43. f4 Ra2 44. e5 fxe5 45. fxe5 Kf5 46. Bd6 Rb2 47. Bd3+ Ke6 48. Bc4+ Kd7 49. Bc5 Rc2 50. e6+ Ke8 51. Kd4 Rxg2 52. Bd5 Rg7 53. Bc6+ Kd8 54. Ke5 h3 55. Kf6 Rg8 56. Kf7 Rh8 57. e7+ Kc7 58. Bxa7 1-0